Savoir-vivre en france

Αποθηκεύτηκε σε:
Λεπτομέρειες βιβλιογραφικής εγγραφής
Κύριος συγγραφέας: Vigner, Gerard
Μορφή: Βιβλίο
Γλώσσα:French
Δημοσίευση: Paris : Hachette, 1978
Σειρά:Collection outils et methodes = 1978
Θέματα:
Ετικέτες: Προσθήκη ετικέτας
Δεν υπάρχουν, Καταχωρήστε ετικέτα πρώτοι!

MARC

LEADER 00000nam a2200000 i 4500
001 1/87242
008 931207s1978 fre d
020 |a 2-01-004505-X 
035 |a 1987  |b 2  |c Αγορά/Χριστοδουλίδου  |l 10035189 
040 |a GR-MY-UA  |b gre  |e aacr 
041 0 |a fre 
082 0 |a 395.0944 
100 1 |a Vigner, Gerard. 
245 1 0 |a Savoir-vivre en france /  |c Gérard Vigner 
260 |a Paris :   |b Hachette,   |c 1978 
300 |a 111 p. 
490 1 |a Collection outils et methodes 
650 0 0 |a Etiquette  |z France. 
651 0 |a France  |x Social life and customs. 
830 0 |a Collection outils et methodes = 1978 
852 |a INST  |b RHODES  |e 19931207  |h 395.0944 VIG  |p 005400004011  |q 005400004011  |t BK  |y 0 
909 |a Ρ  |b 004065  |c 1987